000 01070 a2200253 4500
001 49901
005 20260407155759.0
008 260407a2007 arg spa d
003 AR-UNSa-BCEJYS
040 _aAR-UNSa-BCEJYS
_bspa
_cAR-UNSa-BCEJYS
080 _a504.03
_xAspectos sociales y socioeconómicos del impacto del hombre sobre el medio ambiente. Ecología social ( Economía ambiental)
245 1 0 _aValoración económica del ambiente
_pfundamentos económicos, econométricos y aplicaciones
020 _a978-987-22665-4-7
264 1 _aBuenos Aires :
_bThomson Learning
_c2007
300 _a368 p.
_c24 cm.
505 _a1. Marco teórico – 2. Método de costo de viaje – 3. Método de valoración contingente – 4. Método de precios hedónicos.
041 _aspa
942 _cBK
590 _aniveau_biblio:m niveau_hierar:0
100 1 _aVásquez Lavín, Felipe
700 1 _aCerda Urrutia, Arcadio
700 1 _aOrrego Suaza, Sergio
856 4 1 _uhttps://www.biblioeco.unsa.edu.ar/pmb/images/libros/L128233.jpg
_yImagen de portada
_qimage/jpeg
999 _c4915
_d4915